| 000 | 00520nam a2200193 a 4500 | ||
|---|---|---|---|
| 001 | 2490 | ||
| 003 | CDMR | ||
| 005 | 20131121104044.0 | ||
| 008 | 130130s1962||||||||||||||||||||||||||||d | ||
| 040 |
_aCDMR _bcat _cCDMR |
||
| 100 | 1 |
_aPucheu, René _91327 |
|
| 245 | 1 | 3 |
_aLe journal, les mythes et les hommes _cRené Pucheu |
| 260 |
_aParis _c1962 _bOuvrières |
||
| 300 | _a183 p. | ||
| 490 | 0 |
_aVivre son temps _v3 |
|
| 650 | 0 | 4 |
_9382 _aPeriodisme _xAspectes sociològics |
| 650 | 0 | 4 |
_93752 _aPremsa _zFrança |
| 942 |
_cMON _2udc |
||
| 999 |
_c2490 _d2490 |
||